000 00605nam a2200229Ia 4500
003 OSt
005 20220923212053.0
006 a|||||r|||| 00| 0
007 ta
008 220922b |||||||| |||| 00| 0 hin d
024 _a150,530
037 _cTextual
040 _aARTS
_cARTS
_bhin
041 _2hin
_ahin
082 _aR4.2'N7, 152J3;K6
100 _aभगवानदास
_9156277
245 0 _aपुरूषार्थ
246 _aPurūṣhārtha
260 _c1966
942 _hR4.2'N7, 152J3;K6
_cTEXL
_2CC
999 _c306210
_d306210